000
00367nam a2200145Ia 4500
008
230312s9999||||xx |||||||||||||| ||und||
082
_a
891.4391
_b
MAL
100
_a
جوش ملیح آبادی
245
0
_a
محراب و مضراب
260
_b
جنگ پبلیشرز
_a
لاھور
_c
1993
300
_a
703
546
_a
اردو
650
_a
Literature
942
_c
BK
999
_c
6415
_d
6415